LEADER 02032nam 2200493 450 001 9910828595303321 005 20230807205619.0 010 $a0-309-37993-8 010 $a0-309-37991-1 035 $a(CKB)3710000000540098 035 $a(EBL)4393829 035 $a(MiAaPQ)EBC4393829 035 $a(EXLCZ)993710000000540098 100 $a20160318h20152015 uy 0 101 0 $aeng 135 $aur|n|---||||| 181 $2rdacontent 182 $2rdamedia 183 $2rdacarrier 200 14$aThe role of clinical studies for pets with naturally occurring tumors in translational cancer research $esummary of a workshop /$fNational Academies of Sciences, Engineering, and Medicine (U.S.) ; Sharyl J. Nass and Heather Gorby, rapporteurs 210 1$aWashington, District of Columbia :$cThe National Academies Press,$d2015. 210 4$dİ2015 215 $a1 online resource (82 p.) 300 $aDescription based upon print version of record. 311 $a0-309-37990-3 327 $aFrontMatter; Reviewers; Acknowledgments; Contents; Box, Figures, and Tables; Acronyms and Abbreviations; Workshop Summary; Appendix A: Statement of Task; Appendix B: Workshop Agenda 606 $aMedicine$xResearch 606 $aVeterinary oncology$vHandbooks, manuals, etc 615 0$aMedicine$xResearch. 615 0$aVeterinary oncology 676 $a616 700 $aNass$b Sharyl J.$0857626 702 $aNass$b Sharyl J. 702 $aGorby$b Heather 712 02$aNational Cancer Policy Forum (U.S.), 712 02$aNational Academies of Sciences, Engineering, and Medicine (U.S.), 712 12$aRole of Clinical Studies for Pets with Naturally Occurring Tumors in Translational Cancer Research (Workshop)$f(2015 :$eWashington, D.C.), 801 0$bMiAaPQ 801 1$bMiAaPQ 801 2$bMiAaPQ 906 $aBOOK 912 $a9910828595303321 996 $aThe role of clinical studies for pets with naturally occurring tumors in translational cancer research$93994057 997 $aUNINA LEADER 01574nas 2200433-a 450 001 996418346003316 005 20240413025511.0 035 $a(CKB)991042728191436 035 $a(CONSER)--2001236376 035 $a(EXLCZ)99991042728191436 100 $a20011115b20012001 --- a 101 0 $aeng 181 $ctxt$2rdacontent 182 $cc$2rdamedia 183 $acr$2rdacarrier 200 10$aAlliance news $ethe newsletter of Natural Science Collections Alliance 210 $aWashington, DC $cNatural Science Collections Alliance$dİ2001 215 $a1 online resource 300 $aTitle from caption. 311 08$aPrint version: Alliance news (Washington, D.C.) 1541-9452 (DLC) 2001236376 (OCoLC)48428220 517 1 $aNSC Alliance newsletter 531 0 $aAlliance news 606 $aBiological specimens$xCollection and preservation$vPeriodicals 606 $aBiology$xClassification$vPeriodicals 606 $aBiological specimens$xCollection and preservation$2fast$3(OCoLC)fst00832327 606 $aBiology$xClassification$2fast$3(OCoLC)fst00832393 608 $aPeriodicals.$2fast 608 $aPeriodicals.$2lcgft 615 0$aBiological specimens$xCollection and preservation 615 0$aBiology$xClassification 615 7$aBiological specimens$xCollection and preservation. 615 7$aBiology$xClassification. 676 $a500 712 02$aNatural Science Collections Alliance. 906 $aJOURNAL 912 $a996418346003316 920 $aexl_impl conversion 996 $aAlliance news$92196776 997 $aUNISA